[Event "ewcc-2015"]
[Site "Chakvi. Adjara"]
[Date "2015.05.27"]
[Round "8.23"]
[White "Kursova, Maria"]
[Black "Mammadzada, Gunay"]
[Result "0-1"]
[LiveChessVersion "1.3.1"]
[BlackElo "2336"]
[WhiteElo "2267"]

1. d4 {[%clk 1:30:57]} d5 {[%clk 1:30:39]} 2. c4 {[%clk 1:31:12]} c6
{[%clk 1:30:47]} 3. Nc3 {[%clk 1:31:21]} Nf6 {[%clk 1:31:07]} 4. e3
{[%clk 1:31:32]} a6 {[%clk 1:30:05]} 5. Nf3 {[%clk 1:25:03]} b5 {[%clk 1:29:50]}
6. b3 {[%clk 1:25:00]} Bg4 {[%clk 1:30:02]} 7. Qc2 {[%clk 1:23:48]} e6
{[%clk 1:23:18]} 8. Ne5 {[%clk 1:22:14]} Bf5 {[%clk 1:22:20]} 9. Bd3
{[%clk 1:22:10]} Bxd3 {[%clk 1:21:48]} 10. Nxd3 {[%clk 1:22:34]} Nbd7
{[%clk 1:20:55]} 11. O-O {[%clk 1:13:00]} Bd6 {[%clk 1:20:13]} 12. c5
{[%clk 0:55:04]} Be7 {[%clk 1:06:40]} 13. a4 {[%clk 0:54:02]} O-O
{[%clk 0:57:11]} 14. Bd2 {[%clk 0:46:04]} Qc7 {[%clk 0:53:34]} 15. f4
{[%clk 0:40:20]} Ne4 {[%clk 0:43:07]} 16. Ra2 {[%clk 0:33:40]} Nxd2
{[%clk 0:38:24]} 17. Qxd2 {[%clk 0:34:06]} b4 {[%clk 0:34:56]} 18. Nb1
{[%clk 0:19:05]} a5 {[%clk 0:35:12]} 19. Qd1 {[%clk 0:19:16]} Rae8
{[%clk 0:24:31]} 20. Raf2 {[%clk 0:18:55]} f6 {[%clk 0:24:37]} 21. Nd2
{[%clk 0:17:45]} Qb8 {[%clk 0:18:00]} 22. e4 {[%clk 0:15:24]} dxe4
{[%clk 0:16:34]} 23. Nxe4 {[%clk 0:15:52]} Rd8 {[%clk 0:15:21]} 24. Qc2
{[%clk 0:14:37]} Rfe8 {[%clk 0:13:00]} 25. Qc4 {[%clk 0:13:00]} Kh8
{[%clk 0:12:59]} 26. Re2 {[%clk 0:10:38]} Nf8 {[%clk 0:11:03]} 27. Nd2
{[%clk 0:09:54]} Rd5 {[%clk 0:10:06]} 28. Nf3 {[%clk 0:09:28]} Bd8
{[%clk 0:07:20]} 29. Rfe1 {[%clk 0:09:09]} Bc7 {[%clk 0:06:55]} 30. g3
{[%clk 0:09:34]} Qc8 {[%clk 0:06:24]} 31. Kg2 {[%clk 0:09:00]} Ng6
{[%clk 0:05:15]} 32. f5 {[%clk 0:05:49]} Nf8 {[%clk 0:02:00]} 33. fxe6
{[%clk 0:06:05]} Rxe6 {[%clk 0:02:02]} 34. Nf2 {[%clk 0:06:16]} Rxe2
{[%clk 0:01:08]} 35. Qxe2 {[%clk 0:06:38]} Kg8 {[%clk 0:01:04]} 36. Nd1
{[%clk 0:04:37]} Rd8 {[%clk 0:00:41]} 37. Nb2 {[%clk 0:03:37]} Qf5
{[%clk 0:00:45]} 38. Nc4 {[%clk 0:03:37]} Rd7 {[%clk 0:00:37]} 39. Rc1
{[%clk 0:00:35]} Qe6 {[%clk 0:00:44]} 40. Qxe6+ {[%clk 0:30:36]} Nxe6
{[%clk 0:31:12]} 41. Kf2 {[%clk 0:21:58]} g5 {[%clk 0:27:31]} 42. Re1
{[%clk 0:12:45]} Kf7 {[%clk 0:25:53]} 43. g4 {[%clk 0:13:05]} Nf4
{[%clk 0:22:56]} 44. Re4 {[%clk 0:06:14]} Nd3+ {[%clk 0:17:19]} 45. Ke2
{[%clk 0:05:57]} Nf4+ {[%clk 0:15:49]} 46. Kd2 {[%clk 0:05:15]} Kg6
{[%clk 0:04:37]} 47. Re8 {[%clk 0:02:13]} h5 {[%clk 0:04:14]} 48. Ne3
{[%clk 0:02:40]} hxg4 {[%clk 0:03:12]} 49. Nxg4 {[%clk 0:03:06]} Rd8
{[%clk 0:03:32]} 50. Re1 {[%clk 0:01:30]} Nd5 {[%clk 0:03:20]} 51. Kd3
{[%clk 0:01:28]} Kf5 {[%clk 0:02:56]} 52. Nh6+ {[%clk 0:00:57]} Kg6
{[%clk 0:03:18]} 53. Ng4 {[%clk 0:01:18]} Kh5 {[%clk 0:03:15]} 54. h3
{[%clk 0:01:11]} Kg6 {[%clk 0:03:02]} 55. Rf1 {[%clk 0:01:19]} Rh8
{[%clk 0:02:23]} 56. Ng1 {[%clk 0:01:20]} Nf4+ {[%clk 0:02:26]} 57. Kc4
{[%clk 0:01:33]} Re8 {[%clk 0:01:26]} 58. Rd1 {[%clk 0:00:59]} f5
{[%clk 0:01:11]} 59. Ne5+ {[%clk 0:01:17]} Bxe5 {[%clk 0:00:50]} 60. Re1
{[%clk 0:01:13]} g4 {[%clk 0:00:44]} 61. hxg4 {[%clk 0:01:23]} fxg4
{[%clk 0:01:05]} 62. dxe5 {[%clk 0:01:30]} Kf5 {[%clk 0:01:14]} 63. Ne2
{[%clk 0:00:37]} Nxe2 {[%clk 0:01:39]} 64. Rxe2 {[%clk 0:01:00]} Rxe5
{[%clk 0:02:04]} 65. Rf2+ {[%clk 0:01:21]} Ke6 {[%clk 0:01:56]} 66. Rf8
{[%clk 0:00:37]} Rg5 {[%clk 0:01:15]} 67. Rc8 {[%clk 0:00:55]} Kd7
{[%clk 0:01:26]} 68. Rf8 {[%clk 0:00:55]} g3 {[%clk 0:01:53]} 69. Rf1
{[%clk 0:01:20]} g2 {[%clk 0:02:13]} 70. Rg1 {[%clk 0:01:47]} Ke6
{[%clk 0:02:34]} 71. Kd4 {[%clk 0:02:05]} Kf5 {[%clk 0:02:32]} 72. Ke4+ 0-1

[Event "ewcc-2015"]
[Site "Chakvi. Adjara"]
[Date "2015.05.27"]
[Round "8.28"]
[White "Zhorzholiani, Meri"]
[Black "Daulyte, Deimante"]
[Result "0-1"]
[LiveChessVersion "1.3.1"]
[BlackElo "2402"]
[WhiteElo "2071"]

1. e4 {[%clk 1:31:10]} c5 {[%clk 1:29:36]} 2. c4 {[%clk 1:31:28]} Nc6
{[%clk 1:28:50]} 3. Nc3 {[%clk 1:31:38]} g6 {[%clk 1:29:04]} 4. g3
{[%clk 1:31:47]} Bg7 {[%clk 1:28:54]} 5. Bg2 {[%clk 1:31:45]} d6 {[%clk 1:28:18]}
6. d3 {[%clk 1:31:49]} e6 {[%clk 1:27:47]} 7. Nge2 {[%clk 1:31:57]} Nge7
{[%clk 1:27:59]} 8. O-O {[%clk 1:31:47]} O-O {[%clk 1:24:14]} 9. Rb1
{[%clk 1:29:34]} Nd4 10. Nxd4 {[%clk 1:29:39]} cxd4 {[%clk 1:24:05]} 11. Ne2
{[%clk 1:24:55]} a5 {[%clk 1:16:00]} 12. b3 {[%clk 1:21:34]} Rb8 {[%clk 1:03:48]}
13. Bg5 {[%clk 1:14:35]} Bd7 {[%clk 1:02:20]} 14. Qd2 {[%clk 0:58:40]} Re8
{[%clk 0:52:21]} 15. Qf4 {[%clk 0:52:39]} Qc7 {[%clk 0:50:19]} 16. Qh4
{[%clk 0:51:53]} Nc6 {[%clk 0:46:13]} 17. a3 {[%clk 0:39:12]} b5 {[%clk 0:44:18]}
18. Rfd1 {[%clk 0:18:36]} Qa7 19. Bd2 {[%clk 0:18:37]} a4 {[%clk 0:24:48]} 20. b4
{[%clk 0:12:50]} Ne5 21. Bf4 Rbc8 {[%clk 0:17:30]} 22. Bxe5 {[%clk 0:10:53]} Bxe5
{[%clk 0:17:52]} 23. Rbc1 {[%clk 0:10:05]} Qa6 {[%clk 0:17:19]} 24. Bf1 Rc7
{[%clk 0:13:06]} 25. Nf4 {[%clk 0:09:14]} Qb7 {[%clk 0:12:12]} 26. Nh3
{[%clk 0:08:29]} Bg7 {[%clk 0:11:45]} 27. f3 Rec8 {[%clk 0:06:19]} 28. Nf2
{[%clk 0:06:03]} bxc4 {[%clk 0:05:02]} 29. dxc4 {[%clk 0:05:16]} Bb5
{[%clk 0:05:22]} 30. Ng4 {[%clk 0:03:53]} h5 {[%clk 0:03:01]} 31. Nf6+
{[%clk 0:04:12]} Kf8 {[%clk 0:02:07]} 32. Nh7+ {[%clk 0:04:28]} Kg8
{[%clk 0:02:22]} 33. Nf6+ {[%clk 0:04:53]} Kf8 {[%clk 0:02:09]} 34. Nh7+
{[%clk 0:05:09]} Kg8 {[%clk 0:02:35]} 35. Nf6+ {[%clk 0:05:34]} Bxf6 36. Qxf6
{[%clk 0:05:54]} Bxc4 {[%clk 0:03:21]} 37. Qxd4 {[%clk 0:04:47]} Bxf1
{[%clk 0:02:16]} 38. Rxc7 {[%clk 0:05:02]} Qxc7 {[%clk 0:02:01]} 39. Kxf1
{[%clk 0:31:50]} Qc2 {[%clk 0:31:25]} 40. Rd2 {[%clk 0:28:07]} Qc1+
{[%clk 0:30:59]} 41. Kg2 {[%clk 0:27:18]} Qxa3 {[%clk 0:23:41]} 42. Qxd6
{[%clk 0:24:34]} Qb3 {[%clk 0:20:06]} 43. Rd3 {[%clk 0:22:32]} Rc2+
{[%clk 0:17:57]} 44. Kh3 {[%clk 0:20:31]} Qb2 45. Kh4 Rxh2+ {[%clk 0:16:16]} 46.
Kg5 {[%clk 0:20:56]} Kg7 47. e5 {[%clk 0:19:09]} f6+ {[%clk 0:16:15]} 48. Kf4
{[%clk 0:19:24]} g5+ {[%clk 0:16:25]} 49. Ke4 {[%clk 0:19:34]} f5+
{[%clk 0:16:42]} 50. Kd4 0-1

[Event "16th European Individual Women's Chess C"]
[Site "Chakvi, Adjara"]
[Date "2015.05.27"]
[Round "8.36"]
[White "Ozturk, Kubra"]
[Black "Tevzadze, Mariam"]
[Result "1-0"]
[WhiteElo "2235"]
[BlackElo "1834"]
[PlyCount "137"]
[EventDate "2015.05.19"]

1. d4 f5 2. g3 Nf6 3. Bg2 g6 4. Nf3 Bg7 5. O-O d6 6. b3 O-O 7. Bb2 c6 8. c4 a5
9. Nbd2 Na6 10. Qc2 Qc7 11. a3 Re8 12. e4 fxe4 13. Nxe4 Nxe4 14. Qxe4 Nc5 15.
Qe3 Bf5 16. Rad1 Rad8 17. Nh4 Bc8 18. f4 e6 19. Rf2 Nd7 20. Re2 Nb6 21. Bc3 Nd7
22. Rde1 Nf8 23. Nf3 Bd7 24. c5 Ra8 25. cxd6 Qxd6 26. b4 a4 27. Ne5 Red8 28.
Nd3 Qe7 29. Nc5 b6 30. Nd3 Rac8 31. Ne5 Be8 32. Ng4 Qa7 33. h4 h5 34. Ne5 c5
35. Rd2 Qc7 36. d5 exd5 37. Bxd5+ Kh7 38. Nf3 Kh8 39. Be5 Bxe5 40. fxe5 cxb4
41. Qh6+ Nh7 42. Ng5 Qg7 43. Qxg7+ Kxg7 44. Ne6+ Kh6 45. Nxd8 Rxd8 46. axb4 g5
47. Rc1 gxh4 48. gxh4 Nf8 49. Rcd1 Ng6 50. Ba2 Rxd2 51. Rxd2 Kg7 52. e6 Nxh4
53. Rd8 Kf8 54. Rb8 b5 55. Rb7 Nf5 56. Kf2 Nd6 57. Rc7 Nf5 58. Kf3 Nd4+ 59. Kf4
Nc6 60. Kg5 Ne7 61. Kf6 Ng8+ 62. Ke5 Ne7 63. Bb1 Nc6+ 64. Kf6 Nxb4 65. e7+ Kg8
66. Rc8 Nd5+ 67. Ke6 Nf4+ 68. Kd6 Kf7 69. Ba2+ 1-0

[Event "16th European Individual Women's Chess C"]
[Site "Chakvi, Adjara"]
[Date "2015.05.27"]
[Round "8.37"]
[White "Santeramo, Alessia"]
[Black "Khomeriki, Nino"]
[Result "0-1"]
[WhiteElo "2118"]
[BlackElo "2228"]
[PlyCount "84"]
[EventDate "2015.05.19"]

1. e4 e5 2. Nf3 Nc6 3. Bb5 a6 4. Ba4 Nge7 5. d4 exd4 6. Nxd4 g6 7. Bg5 Bg7 8.
Nxc6 bxc6 9. c3 h6 10. Be3 O-O 11. O-O d6 12. Bd4 c5 13. Bxg7 Kxg7 14. Na3 Bb7
15. Qd3 f5 16. f3 fxe4 17. fxe4 Ng8 18. Rxf8 Qxf8 19. Nc4 Qf4 20. Bc2 Re8 21.
Nd2 Qg5 22. g3 Nf6 23. Re1 Ng4 24. Nf3 Qf6 25. h3 Ne5 26. Nxe5 Qxe5 27. Qe3 d5
28. Qxc5 Qxg3+ 29. Kf1 Qh2 30. Qd4+ Kg8 31. Re2 Qh1+ 32. Kf2 Rf8+ 33. Ke3 Qc1+
34. Qd2 Qg1+ 35. Kd3 Rf3+ 36. Re3 dxe4+ 37. Kd4 Rxe3 38. Bb3+ Kh7 39. Kc4 Rd3
40. Qf4 Bd5+ 41. Kb4 Qb6+ 42. Ka3 Qc5+ 0-1

[Event "16th European Individual Women's Chess C"]
[Site "Chakvi, Adjara"]
[Date "2015.05.27"]
[Round "8.38"]
[White "Gavasheli, Ana"]
[Black "Unuk, Laura"]
[Result "1/2-1/2"]
[WhiteElo "2122"]
[BlackElo "2213"]
[PlyCount "94"]
[EventDate "2015.05.19"]

1. c4 c5 2. Nc3 Nc6 3. Nf3 Nf6 4. e3 d6 5. d4 Bf5 6. a3 Qa5 7. Bd2 Qc7 8. Nd5
Qd7 9. Nxf6+ gxf6 10. Bc3 e5 11. dxc5 dxc5 12. Qxd7+ Kxd7 13. Nh4 Bg6 14. Nxg6
fxg6 15. g3 Bd6 16. Bg2 Rhe8 17. g4 Kc7 18. h4 e4 19. Bxf6 Be5 20. Bxe5+ Nxe5
21. Bxe4 Nxc4 22. Bc2 Ne5 23. h5 Nxg4 24. hxg6 hxg6 25. Rh7+ Kb6 26. Rd1 Rad8
27. Rxd8 Rxd8 28. Bxg6 Rf8 29. Rf7 Rxf7 30. Bxf7 Ne5 31. Bd5 c4 32. Be4 Kc5 33.
f4 Ng4 34. Ke2 b5 35. Kf3 Nf6 36. Bc2 a5 37. f5 b4 38. e4 Kd4 39. axb4 axb4 40.
Kf4 b3 41. Bb1 Nd7 42. Kg5 c3 43. bxc3+ Kxc3 44. f6 Nxf6 45. Kxf6 Kb2 46. Bd3
Kc3 47. Bb1 Kb2 1/2-1/2

[Event "16th European Individual Women's Chess C"]
[Site "Chakvi, Adjara"]
[Date "2015.05.27"]
[Round "8.39"]
[White "Topel, Zehra"]
[Black "Umudova, Nargiz"]
[Result "1/2-1/2"]
[WhiteElo "2179"]
[BlackElo "2275"]
[PlyCount "109"]
[EventDate "2015.05.19"]

1. d4 Nf6 2. c4 e6 3. Nf3 Bb4+ 4. Nbd2 O-O 5. e3 d5 6. a3 Bxd2+ 7. Qxd2 a5 8.
b3 Ne4 9. Qc2 Nc6 10. Bd3 f5 11. O-O Bd7 12. Ne1 Qf6 13. Rb1 Be8 14. b4 axb4
15. axb4 f4 16. cxd5 exd5 17. b5 Ne7 18. Qxc7 Bg6 19. exf4 Rfc8 20. Qe5 Nc3 21.
Qxf6 gxf6 22. Rb2 Nf5 23. Be3 Nd1 24. Bxf5 Bxf5 25. Rb3 Ra2 26. Nd3 Nxe3 27.
fxe3 Bxd3 28. Rxd3 Rcc2 29. Kh1 Kf7 30. Rg1 Ke6 31. h3 Kf5 32. Kh2 Rab2 33. Ra3
Ke4 34. Kg3 Rxb5 35. Kg4 Rbb2 36. g3 b5 37. f5 b4 38. Ra6 b3 39. Rxf6 Rf2 40.
Rd1 Rbd2 41. Rxd2 Rxd2 42. Rb6 b2 43. f6 Rf2 44. f7 Rxf7 45. Rxb2 Kxe3 46. Rb4
Ke4 47. Kh4 Kd3 48. Kg4 Kc3 49. Ra4 Kb3 50. Ra5 Kc4 51. Ra4+ Kb3 52. Ra1 Kc3
53. Rd1 Kc2 54. Ra1 Kc3 55. Ra4 1/2-1/2

[Event "16th European Individual Women's Chess C"]
[Site "Chakvi, Adjara"]
[Date "2015.05.27"]
[Round "8.40"]
[White "Vojinovic, Jovana"]
[Black "Folkova, Martina"]
[Result "1-0"]
[WhiteElo "2262"]
[BlackElo "2134"]
[PlyCount "63"]
[EventDate "2015.05.19"]

1. Nf3 d5 2. d4 Nf6 3. c4 e6 4. Bg5 Be7 5. Nc3 h6 6. Bxf6 Bxf6 7. e3 O-O 8. Qd2
dxc4 9. Bxc4 b6 10. e4 Be7 11. h4 Ba6 12. Bb3 c5 13. d5 c4 14. Bc2 exd5 15.
exd5 Bb4 16. O-O-O Nd7 17. Nd4 Ne5 18. Kb1 Bxc3 19. Qxc3 Nd3 20. Nf5 f6 21. Qa3
Bc8 22. Bxd3 cxd3 23. Ne7+ Kf7 24. Nxc8 Rxc8 25. d6 Rc6 26. Qb3+ Kg6 27. Qxd3+
f5 28. h5+ Kh7 29. Rhe1 Rf7 30. Qd5 Qd7 31. Qxf7 Qxf7 32. d7 1-0

[Event "16th European Individual Women's Chess C"]
[Site "Chakvi, Adjara"]
[Date "2015.05.27"]
[Round "8.41"]
[White "Kuchava, Ana"]
[Black "Vakhania, Alexandra"]
[Result "0-1"]
[WhiteElo "2135"]
[BlackElo "2130"]
[PlyCount "134"]
[EventDate "2015.05.19"]

1. d4 d5 2. Nf3 Nf6 3. c4 c6 4. Nc3 a6 5. c5 Nbd7 6. g3 e5 7. dxe5 Ng4 8. Qd4
Nxc5 9. h3 Nh6 10. Bxh6 gxh6 11. Bg2 Bf5 12. Nh4 Ne6 13. Qd2 Bg6 14. Rd1 Qa5
15. O-O O-O-O 16. f4 d4 17. Ne4 Bb4 18. Qc2 Bxe4 19. Bxe4 d3 20. Bxd3 Qxa2 21.
Nf5 Rhg8 22. Kh2 h5 23. h4 Kb8 24. Bc4 Qa5 25. Nh6 Rxd1 26. Rxd1 Rg6 27. Nf5
Qc5 28. e3 f6 29. Qb3 fxe5 30. Bxe6 exf4 31. gxf4 Rxe6 32. Rd8+ Kc7 33. Qxe6
Kxd8 34. Qg8+ Kc7 35. Qxh7+ Kb6 36. Qxh5 Qc2+ 37. Kh3 Qxb2 38. Qe8 Qf2 39. Qd8+
Ka7 40. Qd4+ c5 41. Qd5 Qe2 42. Qe4 Bd2 43. Kg3 a5 44. Kh3 Ka6 45. Qe6+ b6 46.
Qe4 Bc1 47. Qa8+ Kb5 48. Qe4 Qf1+ 49. Kg3 Qe1+ 50. Kh3 Qd1 51. Qe8+ Kb4 52.
Qe4+ Ka3 53. Qb1 Qf1+ 54. Kg3 Qe1+ 55. Kh3 a4 56. Qxb6 Bxe3 57. Nxe3 Qxe3+ 58.
Kg4 Qe2+ 59. Kg5 Qe7+ 60. Kg6 c4 61. Qb8 c3 62. f5 Qxh4 63. f6 Qg4+ 64. Kh7
Qf5+ 65. Kg7 Qg5+ 66. Kf7 Qd2 67. Ke6 c2 0-1

[Event "16th European Individual Women's Chess C"]
[Site "Chakvi, Adjara"]
[Date "2015.05.27"]
[Round "8.42"]
[White "Martynkova, Olena"]
[Black "Khmiadashvili, Tamar"]
[Result "1/2-1/2"]
[WhiteElo "2165"]
[BlackElo "2043"]
[PlyCount "113"]
[EventDate "2015.05.19"]

1. d4 d5 2. c4 e6 3. Nf3 c6 4. e3 Nf6 5. Bd3 Bd6 6. O-O Nbd7 7. Nbd2 O-O 8. e4
dxe4 9. Nxe4 Nxe4 10. Bxe4 h6 11. Bc2 f5 12. Re1 Nf6 13. Ne5 Bd7 14. Bf4 Be8
15. Nd3 g5 16. Bxd6 Qxd6 17. Qe2 Bf7 18. Qe5 Qxe5 19. dxe5 Nd7 20. Rad1 Rfd8
21. f3 a5 22. b3 Kf8 23. Re2 Ke7 24. Red2 f4 25. Kf2 Bg6 26. Re2 Bxd3 27. Rxd3
Nc5 28. Rxd8 Rxd8 29. a3 Rd4 30. Kf1 Nd7 31. a4 Kd8 32. Ke1 Kc7 33. Bh7 Nc5 34.
Bc2 Rd7 35. g3 Rd4 36. gxf4 Rxf4 37. Kf2 Nd7 38. Kg3 Kd8 39. Rd2 Ke7 40. Re2 h5
41. h3 h4+ 42. Kf2 Kf7 43. Bb1 Rd4 44. Bc2 c5 45. Ke1 b6 46. Bb1 Kg7 47. Bc2
Kh6 48. Re3 Kg7 49. Re4 Rxe4+ 50. Bxe4 Kf7 51. Ke2 Nxe5 52. Ke3 Nd7 53. Bb7 Kf6
54. Bc8 Ne5 55. Bb7 Nf7 56. Bc8 e5 57. Bg4 1/2-1/2

[Event "16th European Individual Women's Chess C"]
[Site "Chakvi, Adjara"]
[Date "2015.05.27"]
[Round "8.44"]
[White "Choladze, Mariam"]
[Black "Ivanova, Tatiana"]
[Result "1-0"]
[WhiteElo "1989"]
[BlackElo "2121"]
[PlyCount "85"]
[EventDate "2015.05.19"]

1. e4 d5 2. exd5 Qxd5 3. Nc3 Qd6 4. d4 Nf6 5. Nf3 c6 6. Ne5 Nbd7 7. f4 Nb6 8.
g4 Nbd5 9. Bg2 Be6 10. O-O Nxc3 11. bxc3 Bd5 12. g5 Bxg2 13. Kxg2 Nd7 14. Qf3
e6 15. a4 Nxe5 16. fxe5 Qd5 17. Rb1 b6 18. c4 Qxf3+ 19. Rxf3 Be7 20. a5 Bd8 21.
Ba3 Rb8 22. Bd6 Rb7 23. Rfb3 f6 24. axb6 axb6 25. c5 fxe5 26. dxe5 Kd7 27. cxb6
Bxg5 28. Rf1 Bd8 29. Rf7+ Kc8 30. Rxb7 Kxb7 31. c4 c5 32. Bxc5 Kc6 33. b7 Bc7
34. Ba7 Bb8 35. Bd4 Rd8 36. Rb6+ Kc7 37. Bf2 Rd2 38. Rb5 Rc2 39. Kf3 Rxc4 40.
Ke2 Rc2+ 41. Ke1 Kd8 42. Rb6 g6 43. Rxe6 1-0

[Event "16th European Individual Women's Chess C"]
[Site "Chakvi, Adjara"]
[Date "2015.05.27"]
[Round "8.45"]
[White "Ghukasyan, Siranush"]
[Black "Tskhadadze, Anna"]
[Result "1-0"]
[WhiteElo "2100"]
[BlackElo "1938"]
[PlyCount "137"]
[EventDate "2015.05.19"]

1. e4 d5 2. exd5 Qxd5 3. Nc3 Qd6 4. d4 Nf6 5. Nf3 c6 6. Ne5 Nbd7 7. Nc4 Qc7 8.
Qf3 Nb6 9. Bf4 Qd7 10. O-O-O Qg4 11. Qxg4 Bxg4 12. f3 Nbd5 13. Nxd5 Nxd5 14.
Bd2 Bf5 15. Na5 O-O-O 16. c4 Nb6 17. Nb3 Be6 18. Ba5 Rd7 19. Nc5 Rd6 20. Nxe6
Rxe6 21. Bd3 g6 22. Rhe1 Bh6+ 23. Kc2 Rxe1 24. Rxe1 e6 25. b3 Bf4 26. h3 Bc7
27. Bc3 Rd8 28. g4 Nd7 29. b4 a6 30. a4 Nb6 31. a5 Nd7 32. Re4 h5 33. d5 cxd5
34. cxd5 exd5 35. Re7 hxg4 36. hxg4 f6 37. Bxg6 Ne5 38. Bf5+ Kb8 39. f4 Nc6 40.
Re1 Bxf4 41. Bxf6 Rf8 42. Bc3 d4 43. Re4 Be3 44. Be1 Rh8 45. Bg3+ Ka7 46. Bd6
Rd8 47. Bc5+ Ka8 48. Kd3 Bh6 49. Re6 Bf4 50. Bb6 Rh8 51. Kc4 Be3 52. Be4 Rg8
53. Bd5 Rf8 54. Bxc6 bxc6 55. Bxd4 Bxd4 56. Kxd4 Rg8 57. Re4 Rg5 58. Ke3 c5 59.
Kf4 Rd5 60. bxc5 Rxc5 61. Re5 Rc1 62. g5 Rf1+ 63. Kg4 Kb7 64. Rc5 Rg1+ 65. Kf5
Rf1+ 66. Ke6 Rg1 67. Kf6 Rf1+ 68. Kg7 Rf2 69. g6 1-0

[Event "16th European Individual Women's Chess C"]
[Site "Chakvi, Adjara"]
[Date "2015.05.27"]
[Round "8.46"]
[White "Jalaghonia, Nino"]
[Black "Lomaia, Diana"]
[Result "0-1"]
[WhiteElo "1865"]
[BlackElo "1449"]
[PlyCount "126"]
[EventDate "2015.05.19"]

1. e4 c5 2. Nf3 d6 3. Bc4 g6 4. O-O Bg7 5. Re1 Nc6 6. c3 Nf6 7. Bb3 O-O 8. d3
Bg4 9. h3 Bxf3 10. Qxf3 Ne5 11. Qe2 Rc8 12. f4 Nc6 13. Nd2 b5 14. Nf3 a5 15. e5
dxe5 16. fxe5 Nd5 17. e6 f6 18. a4 b4 19. Qe4 Nb6 20. Bd2 Qc7 21. Rac1 Rfd8 22.
Bc2 Qd6 23. Qg4 Qc7 24. h4 f5 25. Qh3 Ne5 26. Nxe5 Bxe5 27. h5 Bf4 28. Bxf4
Qxf4 29. hxg6 hxg6 30. Rf1 Qg5 31. Rce1 Kg7 32. Qh2 Rh8 33. Qe5+ Kg8 34. Re3
Rh4 35. Rg3 Rg4 36. Rxg4 Qxg4 37. Rf3 Qg5 38. Rg3 Qc1+ 39. Kh2 Qh6+ 40. Rh3 Qg7
41. Qe1 Nd5 42. Bb3 Nf4 43. Rf3 Qh6+ 44. Kg1 Qg5 45. Qf1 Nh5 46. Bd1 bxc3 47.
bxc3 Rb8 48. Bc2 Rb2 49. Qd1 Nf4 50. g3 Ne2+ 51. Qxe2 Qc1+ 52. Rf1 Qxc2 53.
Qxc2 Rxc2 54. c4 Ra2 55. Rc1 Rxa4 56. Kf2 Kg7 57. Ke3 Kf6 58. Kd2 Kxe6 59. d4
cxd4 60. Kd3 Kd6 61. Kxd4 e5+ 62. Ke3 Ra3+ 63. Kf2 Kc5 0-1

[Event "16th European Individual Women's Chess C"]
[Site "Chakvi, Adjara"]
[Date "2015.05.27"]
[Round "8.47"]
[White "Jibuti, Nata"]
[Black "Soyunlu, Narmin"]
[Result "1/2-1/2"]
[WhiteElo "1694"]
[BlackElo "1891"]
[PlyCount "82"]
[EventDate "2015.05.19"]

1. e4 e6 2. Qe2 c5 3. g3 Nc6 4. c3 d5 5. d3 Nf6 6. Bg2 dxe4 7. dxe4 Ne5 8. Bg5
Be7 9. Na3 O-O 10. Rd1 Qa5 11. f4 Nc6 12. Nf3 Rb8 13. O-O h6 14. Bxf6 Bxf6 15.
e5 Be7 16. g4 b5 17. Nd2 Qb6 18. f5 exf5 19. gxf5 c4+ 20. Kh1 Bxa3 21. bxa3 Re8
22. e6 f6 23. Ne4 Ne5 24. Rd6 Qc7 25. Qh5 Bb7 26. Rfd1 Re7 27. R1d4 Bxe4 28.
Bxe4 Qa5 29. Qh3 Qxa3 30. Rd8+ Rxd8 31. Rxd8+ Kh7 32. Qe3 Qxa2 33. Qc5 Qa1+ 34.
Kg2 Qb2+ 35. Kf1 Ng4 36. h3 Rc7 37. Qd4 Qc1+ 38. Ke2 Qb2+ 39. Ke1 Qc1+ 40. Ke2
Qb2+ 41. Ke1 Qc1+ 1/2-1/2

[Event "16th European Individual Women's Chess C"]
[Site "Chakvi, Adjara"]
[Date "2015.05.27"]
[Round "8.48"]
[White "Mammadova, Aysel"]
[Black "Chanturia, Tamar"]
[Result "1-0"]
[WhiteElo "1862"]
[BlackElo "1688"]
[PlyCount "67"]
[EventDate "2015.05.19"]

1. e4 Nc6 2. d4 d5 3. e5 Bf5 4. Nf3 e6 5. Be2 a6 6. O-O Be7 7. Be3 h5 8. Ne1 h4
9. Bd3 g6 10. Qd2 Bxd3 11. Nxd3 g5 12. f4 gxf4 13. Nxf4 Bg5 14. Kh1 Nh6 15.
Nxe6 Bxe3 16. Nxd8 Bxd2 17. Nxc6 Be3 18. Nb4 Bxd4 19. Nd3 Ng4 20. c3 Nxe5 21.
Re1 O-O-O 22. Nxe5 Bxe5 23. Rxe5 d4 24. cxd4 Rxd4 25. Nc3 Rd2 26. b3 Rhd8 27.
Rc1 R8d3 28. h3 Rg3 29. Ne4 f6 30. Re8+ Kd7 31. Nxf6+ Kd6 32. Rd8+ Ke7 33. Rxd2
Kxf6 34. Rxc7 1-0

[Event "ewcc-2015"]
[Site "Chakvi. Adjara"]
[Date "2015.05.28"]
[Round "9.10"]
[White "Ushenina, Anna"]
[Black "Lomineishvili, Maia"]
[Result "1/2-1/2"]
[LiveChessVersion "1.3.1"]
[BlackElo "2364"]
[WhiteElo "2467"]

1. d4 {[%clk 1:30:42]} d5 {[%clk 1:30:20]} 2. c4 {[%clk 1:30:56]} e5
{[%clk 1:30:21]} 3. e3 {[%clk 1:26:01]} exd4 {[%clk 1:30:19]} 4. exd4
{[%clk 1:25:49]} Nf6 {[%clk 1:30:09]} 5. Nc3 {[%clk 1:25:26]} Bb4
{[%clk 1:30:02]} 6. Bd3 {[%clk 1:18:30]} dxc4 {[%clk 1:29:48]} 7. Bxc4
{[%clk 1:18:58]} O-O {[%clk 1:30:07]} 8. Nge2 {[%clk 1:18:45]} Nc6
{[%clk 1:29:44]} 9. O-O {[%clk 1:17:44]} h6 {[%clk 1:24:28]} 10. a3
{[%clk 1:07:49]} Bd6 {[%clk 1:23:57]} 11. Qd3 {[%clk 0:46:24]} a6
{[%clk 1:11:09]} 12. h3 {[%clk 0:43:15]} Ne7 {[%clk 0:55:25]} 13. Rd1
{[%clk 0:34:30]} Bf5 {[%clk 0:45:29]} 14. Qf3 {[%clk 0:34:06]} Qd7
{[%clk 0:43:47]} 15. Ng3 {[%clk 0:24:12]} Bc2 {[%clk 0:41:59]} 16. Rd2
{[%clk 0:22:24]} Bg6 {[%clk 0:42:02]} 17. Ba2 {[%clk 0:18:14]} Rfe8
{[%clk 0:37:53]} 18. Rd1 {[%clk 0:16:45]} Bc2 {[%clk 0:37:16]} 19. Rd2
{[%clk 0:16:04]} Bg6 {[%clk 0:37:14]} 20. Rd1 {[%clk 0:15:33]} Bc2
{[%clk 0:27:48]} 21. Rd2 {[%clk 0:15:28]} Bg6 {[%clk 0:28:13]} 22. Rd1
{[%clk 0:14:55]} Bc2 {[%clk 0:26:27]} 23. Rd2 {[%clk 0:15:13]} 1/2-1/2